00850nam a2200277Ia 4500001000900000003000500009005001700014008004100031010001100072040000900083082001500092100002700107245005700134260002800191300001100219500001400230650002100244650003500265650003500300901001500335902000600350905006300356942001500419999001900434952011900453dia_2834CHAP20230508111508.0220117s1992 xx 000 0 und d a173334 cCHAP a664.752 M3 aMatz, Samuel A.973124 aCookie and Cracker Technology /c by Samuel A. Matz aNew york :b AVI,c1992 a404 p. aI. 174892 aGalletas 944431 aGalletasxTecnología9153578 aIndustria panificadora 957906 a664.752 M3 aM a0000001992 NEW 0000000000ING00 cLIBRO2ddc c173334d173334 00102ddc40708GRALaIA_bIA_d2022-01-18f1l0o664.752 M3pdia_4183r2022-01-18 00:00:00t1w2022-01-18yLIBRO